Fr. Conceicao Rodrigues College of Engineering

E Business:Organisational and technical foundation (Record no. 32764)

MARC details
000 -LEADER
fixed length control field 00382nam a2200169Ia 4500
082 ## - DEWEY DECIMAL CLASSIFICATION NUMBER
Classification number 658.84
Item number PAP
100 ## - MAIN ENTRY--PERSONAL NAME
Personal name Papazoglou/M.P
245 ## - TITLE STATEMENT
Title E Business:Organisational and technical foundation
260 ## - PUBLICATION, DISTRIBUTION, ETC.
Name of publisher, distributor, etc. Wiley India
Date of publication, distribution, etc. 2006
366 ## - TRADE AVAILABILITY INFORMATION
Publishers's discount category 25
300 ## - PHYSICAL DESCRIPTION
Extent 722
546 ## - LANGUAGE NOTE
Language note ENGLISH
-- PAMPHALETS
650 ## - SUBJECT ADDED ENTRY--TOPICAL TERM
Topical term or geographic name entry element E business
654 ## - SUBJECT ADDED ENTRY--FACETED TOPICAL TERMS
Focus term e business
942 ## - ADDED ENTRY ELEMENTS (KOHA)
Koha item type BOOK
Holdings
Withdrawn status Lost status Damaged status Not for loan Collection Home library Current library Date acquired Source of acquisition Cost, normal purchase price Inventory number Total Checkouts Full call number Barcode Date due Date last seen Date last checked out Cost, replacement price Price effective from Koha item type
        CRC Fr. Agnel's C.Rodrigues College of Engineering Fr. Agnel's C.Rodrigues- College of Engineering 17/03/2023 Allied Publishers 299.25 2373 dt 23/09/2010 1 658.84 PAP 21108 18/01/2017 12/06/2023 12/06/2023 399.00   BOOK